Obnovlenije mechanizma vnešnekonomičeskoj dejatel'nosti.
Stav exportného potenciálu sovietskeho národného hospodárstva a perspektívy jeho rozvoja v období prechodu k trhovej ekonomike. Prekažky v rozširovaní exportu hotových výrobkov. Export pracovných síl, najmä mladých vysoko kvalifikovaných pracovníkov. Kritika nedostatkov v systéme vytvárania a využív...
Salvato in:
| Autore principale: | |
|---|---|
| Natura: | Capitolo di libro |
| Lingua: | russo |
| Soggetti: | |
| Tags: |
Nessun Tag, puoi essere il primo ad aggiungerne!!
|
MARC
| LEADER | 00000naa a2200000 4500 | ||
|---|---|---|---|
| 001 | r002433 | ||
| 005 | 20220819192314.6 | ||
| 041 | 0 | |a rus | |
| 044 | |a [SU] | ||
| 245 | 1 | 0 | |a Obnovlenije mechanizma vnešnekonomičeskoj dejatel'nosti. |c A. Anikejev |
| 520 | |a Stav exportného potenciálu sovietskeho národného hospodárstva a perspektívy jeho rozvoja v období prechodu k trhovej ekonomike. Prekažky v rozširovaní exportu hotových výrobkov. Export pracovných síl, najmä mladých vysoko kvalifikovaných pracovníkov. Kritika nedostatkov v systéme vytvárania a využívania menových fondov. | ||
| 610 | 2 | 0 | |a politika zahraničnoobchodná |
| 610 | 2 | 0 | |a ZSSR |
| 610 | 2 | 0 | |a hospodárstvo trhové |
| 610 | 2 | 0 | |a vývoz |
| 610 | 2 | 0 | |a sily pracovné |
| 610 | 2 | 0 | |a fondy devízové |
| 100 | 1 | |a Anikejev, A. | |